00333nam a2200133Ia 4500008004100000082001700041100001800058245003900076250000800115260002500123300001300148500002400161650001400185230524s9999 xx 000 0 und d a621.382bAME aAhmadul Ameen 0aRefrigeration and Air Conditioning a1ST aNEW DELHIbPHIc2006 aVIII;550 aQuantity Number: 1 aMechanics